000 00844nam a2200253Ia 4500
003 OSt
005 20220925192502.0
006 a|||||r|||| 00| 0
007 ta
008 220923b |||||||| |||| 00| 0 eng d
020 _a9780521873260
_c3738.3000000000002
037 _b429, 16/03/2009, ONKAR BOOK AGENCY
_cGeneral Book
040 _aRTL
_cRTL
_beng
041 _2eng
_aeng
082 _aX: 54.1, hN95, P8
100 _aMitchell Andrew D
_9245323
245 0 _aLegal principles in WTO disputes
260 _aCabmbridge
_bCambridge University Press
_c2008
300 _aLii,308p.
_ccm.
490 _aCambridge Studies in International and Comparative Law
650 _aEconomics
942 _hX: 54.1, hN95, P8
_cGB
_2CC
999 _c522312
_d522312